<?xml version="1.0" encoding="UTF-8"?>
<marc:record xmlns:marc="http://www.loc.gov/MARC21/slim">
   <marc:leader>00000nam a2200000 a 4500</marc:leader>
   <marc:datafield ind1="1" ind2=" " tag="100">
      <marc:subfield code="a">Berg, Sibylle</marc:subfield>
      <marc:subfield code="4">aut</marc:subfield>
      <marc:subfield code="e">Verfasser/-in</marc:subfield>
   </marc:datafield>
   <marc:datafield ind1="0" ind2="0" tag="245">
      <marc:subfield code="a">PNR: La Bella Vita</marc:subfield>
   </marc:datafield>
   <marc:datafield ind1="0" ind2="0" tag="245">
      <marc:subfield code="b">Roman</marc:subfield>
   </marc:datafield>
   <marc:datafield ind1="0" ind2="0" tag="245">
      <marc:subfield code="c">Sibylle Berg</marc:subfield>
   </marc:datafield>
   <marc:datafield ind1=" " ind2="1" tag="264">
      <marc:subfield code="a">Köln</marc:subfield>
      <marc:subfield code="b">Kiepenheuer &amp; Witsch</marc:subfield>
      <marc:subfield code="c">2025</marc:subfield>
   </marc:datafield>
   <marc:datafield ind1=" " ind2=" " tag="250">
      <marc:subfield code="a">1. Auflage</marc:subfield>
   </marc:datafield>
   <marc:datafield ind1="1" ind2=" " tag="520">
      <marc:subfield code="a">Revolution machen kann (fast) jeder. Eine neue Gesellschaftsordnung aufbauen: das schaffen nur ein paar Nerds. Und Sibylle Berg. Nach einer gelungenen Revolution, die das Finanz- und Gesellschaftssystem sanft beseitigt hat, wird sie endlich errichtet: die schöne neue Welt nach dem Kapitalismus. &#xD;
&#xD;
&#xD;
In dieser Welt ist alles verschwunden, woran die Menschen zu glauben gelernt hatten, in der jeder erstaunt bemerkt – dass es möglich ist, ohne Angst zu existieren und ohne sein Leben an einen Arbeitgeber zu verkaufen. Vom Wohnen bis zur Landwirtschaft, von der Art Urlaub zu machen bis zu der Frage: Wohin mit der Bürokratie? erfindet sich Europa neu. Aber:  Was interessiert Don Europa? Sie ist in Italien, dem besten Ort, um auf Ruinen etwas Neues zu errichten.</marc:subfield>
   </marc:datafield>
   <marc:datafield ind1=" " ind2=" " tag="020">
      <marc:subfield code="a">9783462003802</marc:subfield>
      <marc:subfield code="9">9783462003802</marc:subfield>
   </marc:datafield>
   <marc:datafield ind1=" " ind2=" " tag="020">
      <marc:subfield code="a">3462003801</marc:subfield>
      <marc:subfield code="9">3462003801</marc:subfield>
   </marc:datafield>
   <marc:datafield ind1=" " ind2=" " tag="041">
      <marc:subfield code="a">ger</marc:subfield>
   </marc:datafield>
   <marc:datafield ind1=" " ind2=" " tag="300">
      <marc:subfield code="a">416 Seiten</marc:subfield>
   </marc:datafield>
</marc:record>
